Statistics for NBA Players at EuroBasket 2022

Click here to take the quiz!

General Stats

  • This quiz has been taken 113 times
  • The average score is 33 of 59

Answer Stats

TeamPosNBA TeamsPlayer% Correct
GreecePFBucksGiannis Antetokounmpo
93%
SloveniaSGMavericksLuka Dončić
91%
SerbiaCNuggetsNikola Jokić
89%
FranceCJazz, Wolves (from 2022-23)Rudy Gobert
85%
GreecePFMavericks, LakersKostas Antetokounmpo
84%
GreecePFKnicks, BucksThanasis Antetokounmpo
84%
GermanyPGHawks, Thunder, Lakers, Celtics, RocketsDennis Schröder
83%
FinlandPFBulls, CavaliersLauri Markkanen
83%
CroatiaSFNets, Wizards, Pacers, JazzBojan Bogdanović
81%
FranceSGNuggets, Magic, Celtics, KnicksEvan Fournier
81%
Bosnia-HerzegovinaCNuggets, BlazersJusuf Nurkić
78%
SloveniaPGSuns, Rockets, Heat, Raptors, Nets, Bulls (from 2022-23)Goran Dragić
77%
SloveniaSGSuns, HeatZoran Dragić
77%
LithuaniaPFThunder, Pacers, KingsDomantas Sabonis
76%
GermanySFMagicFranz Wagner
73%
SpainPFNuggets, Wolves, Celtics, Spurs, Jazz, Raptors (from 2022-23)Juancho Hernangomez
73%
SpainCKnicks, Hornets, PelicansWilly Hernangomez
73%
LithuaniaCRaptors, Grizzlies, PelicansJonas Valančiunas
72%
CroatiaCLakers, ClippersIvica Zubac
71%
TurkeySFCavaliersCedi Osman
70%
CroatiaPF76ers, Wolves, SunsDario Šarić
68%
Czech RepublicPGWizards, Bulls, Pelicans, SpursTomas Satoransky
68%
IsraelSFWizardsDeni Avdija
66%
GermanyCCeltics, Bulls, RocketsDaniel Theis
64%
Bosnia-HerzegovinaSFNetsDžanan Musa
60%
TurkeyCRocketsAlperen Sengun
57%
TurkeySF76ersFurkan Korkmaz
57%
GreeceSGHawks, Grizzlies, Mavericks (from 2022-23)Tyler Dorsey
56%
CroatiaSFMagic, Knicks, BlazersMario Hezonja
55%
ItalyPGWarriorsNico Mannion
54%
GreeceCKings, BlazersGeorgios Papagiannis
52%
GreecePGGrizzliesNick Calathes
52%
SloveniaSFNuggetsVlatko Čančar
52%
GeorgiaPFBucksSandro Mamukelashvili
51%
ItalySFJazz (from 2022-23)Simone Fontecchio
51%
GeorgiaCPacersGoga Bitadze
50%
ItalyCPelicans, MavericksNicolo Melli
50%
UkraineCSuns, Hawks, Kings, Raptors, WizardsAlex Len
48%
FrancePFCelticsGuerschon Yabusele
47%
Czech RepublicPFWizards, NuggetsJan Vesely
47%
SpainSFBlazers, NuggetsRudy Fernandez
46%
GreeceSFRockets, NuggetsKostas Papanikolaou
42%
SpainPG76ers, Wolves, Suns, RaptorsLorenzo Brown
42%
SpainCRocketsUsman Garuba
42%
TurkeyPGMavericks, Knicks, Nets, CelticsShane Larkin
41%
SloveniaCHornetsMike Tobey
40%
FranceCCeltics, 76ersVincent Poirier
39%
LithuaniaSFKnicksMindaugas Kuzminskas
34%
SerbiaSGWarriorsNemanja Nedović
34%
ItalySFPistons, CelticsLuigi Datome
33%
UkraineSFLakers, Pistons, Thunder, RaptorsSviatoslav Mykhailiuk
32%
FrancePGThunderTheo Maledon
32%
FranceSF76ers, Thunder, Bulls, Nets, HawksTimothe Luwawu-Cabarrot
32%
LithuaniaSFKnicks, 76ers, MagicIgnas Brazdeikis
29%
SerbiaSGGrizzliesMarko Gudurić
28%
FranceSGSunsElie Okobo
27%
IsraelPGMavericks, PelicansGal Mekel
24%
MontenegroCBullsMarko Simonović
21%
Czech RepublicPGThunderVit Krejči
21%

Score Distribution

Percentile by Number Answered

Percent of People with Each Score

Your Score History

You have not taken this quiz